000 00440nam a2200181Ia 4500
001 659
005 20260306140534.0
008 260306t2011||||xx |||||||||||||| ||spa||
041 _aESP
082 _a128
_bW964A
100 _aBurgos, Juan Manuel (ed.)
_eAUT
245 0 _aLa filosofía personalista de Karol Wojtyla
260 _c2011
300 _a363 páginas :
_c24 cm.
650 _aGEN
654 _aCHU
942 _cLIB
_dJUS
_fJUS
_2ddc
_n
999 _c659
_d659